000 00233nam a2200097Ia 4500
001 715891
005 20250826162934.0
008 250824s9999 xx 000 0 und d
245 0 _aLABİRENT
_cALEXANDRA MONIR
260 _bALTIN YAYINLARI
999 _c715891
_d715891